000 01705nam a2200313 c 4500
003 BLK
005 20180420222918.0
008 180408b bul|||||r ||||||| ||bul||
010 _aKNG00064055000
040 _aBLK
041 _aBUL
_cBUL
080 _aСтроителна механика. Методи за изчисляване на строителните конструкции
_b624.04
_x(035)
_z624.04(035)
080 _aИзчислителна математика. Числен анализ и програмиране (машинна математика) - Числени методи в алгебрата, за решаване на диференциални и интегрални уравнения, апроксимация, интерполиране и др.
_b519.6
_x(035)
_z519.6(035)
100 1 _aКарамански, Тодор Димитров
_eпърви автор
_9289414
139 _aКарамански, Тодор Димитров
_bК 28
245 1 0 _aЧислени методи в строителната механика
_bКрайни разлики, крайни елементи, дискретни модели, метричен запис, програмиране : [Ръководство]
_cТодор Димитров Карамански.
257 _aBGR
260 София
_bТехника
_c1976
300 _a403 с.
_bс черт.
_c25 см
380 _a62
500 _aБиблиогр. с. 396-399
504 _a396-399
650 4 _aСтроителна механика
_9252531
852 _aЦб 79721
856 4 _qpdf
_u
856 4 _qpdf
_u
942 _cKNG
_n0
944 _aCR
_c13.06.2004
_kВиолета_Тройчева
944 _aED
_c07.02.2011
_k
999 _c59928
_d59928